000 00289nam a2200121Ia 4500
008 220204s9999 xx 000 0 und d
082 _aNR:62:535
_bSTE
100 _aStein, R S
245 0 _aRheoptical studies of rubbers
260 _aUSA
_bDDC
650 _aRubber rheoptics
942 _cBK
999 _c33732
_d33732